000 00298nam a22001337a 4500
020 _a81-87349-64-6823
082 _a823
_bBHA/G
100 _aBHANOT, T R
245 _aGIANT BOOK OF FAIRY TALES
260 _aDELHI
_bARONA BOOK
300 _a96
650 _aENGLISH SHORT STORY
_zDELHI
942 _cBK
999 _c3077
_d3077